Curso de IVA
Saved in:
| Hovedforfatter: | |
|---|---|
| Format: | Ukendt |
| Sprog: | engelsk |
| Udgivet: |
Santiago, Chile.
Libromar,
2021
|
| Udgivelse: | Segunda edición actualizada |
| Fag: | |
| Tags: |
Tilføj Tag
Ingen Tags, Vær først til at tagge denne postø!
|
MARC
| LEADER | 00000 a2200000 4500 | ||
|---|---|---|---|
| 003 | CL-VaPUC | ||
| 005 | 20210827104821.0 | ||
| 008 | 210813b2021 ||||| |||| 00| 0 eng d | ||
| 999 | |c 433420 |d 433418 | ||
| 020 | |a 978-956-7890-86-6 | ||
| 040 | |c Pontificia Universidad Católica de Valparaíso | ||
| 082 | |a 336.271 REN 2021 | ||
| 100 | 1 | |a Rencoret Orrego, Ernesto |9 862497 | |
| 245 | 1 | 0 | |a Curso de IVA |
| 250 | |a Segunda edición actualizada | ||
| 260 | |a Santiago, Chile. |b Libromar, |c 2021 | ||
| 300 | |a 376 páginas | ||
| 583 | |k Cristina Rojas |c 20210813 | ||
| 650 | 0 | |a Impuesto a la renta |9 258171 | |
| 650 | 0 | |a Finanzas públicas |9 358992 | |
| 650 | 0 | |a IVA |9 373996 | |
| 650 | 0 | |a Tributación |9 258429 | |
| 942 | |2 ddc |c BK | ||
| 952 | |0 0 |1 0 |2 ddc |4 0 |6 336_271000000000000_REN_2021 |7 0 |8 A |9 578605 |a BIBGIM |b BIBGIM |d 2021-08-13 |e 22 |g 38500.00 |i 5587530 |l 6 |o 336.271 REN 2021 |p 5587530 |r 2025-04-17 |s 2025-04-10 |t 3 |v 38500.00 |w 2021-08-13 |y BK |k COM | ||
| 952 | |0 0 |1 0 |2 ddc |4 0 |6 336_271000000000000_REN_2021 |7 0 |8 A |9 578606 |a BIBGIM |b BIBGIM |d 2021-08-13 |e 22 |g 38500.00 |i 5587557 |l 9 |m 1 |o 336.271 REN 2021 |p 5587557 |r 2025-01-15 |s 2023-04-14 |t 5 |v 38500.00 |w 2021-08-13 |y BK |k COM | ||
| 952 | |0 0 |1 0 |2 ddc |4 0 |6 336_271000000000000_REN_2021 |7 0 |8 A |9 578607 |a BIBGIM |b BIBGIM |d 2021-08-13 |e 22 |g 38500.00 |i 5587549 |l 13 |m 2 |o 336.271 REN 2021 |p 5587549 |r 2025-04-17 |s 2025-04-10 |t 4 |v 38500.00 |w 2021-08-13 |y BK |k COM | ||
| 952 | |0 0 |1 0 |2 ddc |4 0 |6 336_271000000000000_REN_2021 |7 0 |8 A |9 578608 |a BIBGIM |b BIBGIM |d 2021-08-13 |e 22 |g 38500.00 |i 5587522 |l 19 |m 5 |o 336.271 REN 2021 |p 5587522 |r 2025-01-15 |s 2024-11-26 |t 2 |v 38500.00 |w 2021-08-13 |y BK |k COM | ||
| 952 | |0 0 |1 0 |2 ddc |4 0 |6 336_271000000000000_REN_2021 |7 0 |8 A |9 578609 |a BIBGIM |b BIBGIM |d 2021-08-13 |e 22 |g 38500.00 |i 5587514 |l 8 |o 336.271 REN 2021 |p 5587514 |r 2025-04-11 |s 2025-04-11 |t 1 |v 38500.00 |w 2021-08-13 |y BK |k COM | ||
| 952 | |0 0 |1 0 |2 ddc |4 0 |6 336_271000000000000_REN_2021 |7 0 |8 A |9 582897 |a BIBGIM |b BIBGIM |c GEN |d 2022-05-05 |e 22 |g 38000.00 |i 5651055 |l 11 |m 3 |o 336.271 REN 2021 |p 5651055 |r 2025-03-19 |s 2025-03-19 |t 15 |v 38000.00 |w 2022-05-05 |y BK |k COM | ||
| 952 | |0 0 |1 0 |2 ddc |4 0 |6 336_271000000000000_REN_2021 |7 0 |8 A |9 582898 |a BIBGIM |b BIBGIM |c GEN |d 2022-05-05 |e 22 |g 38000.00 |i 5651053 |l 7 |m 6 |o 336.271 REN 2021 |p 5651053 |q 2025-05-13 |r 2025-05-06 |s 2025-05-06 |t 13 |v 38000.00 |w 2022-05-05 |y BK |k COM | ||
| 952 | |0 0 |1 0 |2 ddc |4 0 |6 336_271000000000000_REN_2021 |7 0 |8 A |9 582899 |a BIBGIM |b BIBGIM |c GEN |d 2022-05-05 |e 22 |g 38000.00 |i 5651046 |l 10 |m 5 |o 336.271 REN 2021 |p 5651046 |r 2025-04-23 |s 2025-04-16 |t 6 |v 38000.00 |w 2022-05-05 |y BK |k COM | ||
| 952 | |0 0 |1 0 |2 ddc |4 0 |6 336_271000000000000_REN_2021 |7 0 |8 A |9 582900 |a BIBGIM |b BIBGIM |c GEN |d 2022-05-05 |e 22 |g 38000.00 |i 5651047 |l 7 |o 336.271 REN 2021 |p 5651047 |r 2025-01-15 |s 2024-04-16 |t 7 |v 38000.00 |w 2022-05-05 |y BK |k COM | ||
| 952 | |0 0 |1 0 |2 ddc |4 0 |6 336_271000000000000_REN_2021 |7 0 |8 A |9 582901 |a BIBGIM |b BIBGIM |c GEN |d 2022-05-05 |e 22 |g 38000.00 |i 5651052 |l 5 |m 1 |o 336.271 REN 2021 |p 5651052 |r 2025-04-15 |s 2025-04-10 |t 12 |v 38000.00 |w 2022-05-05 |y BK |k COM | ||
| 952 | |0 0 |1 0 |2 ddc |4 0 |6 336_271000000000000_REN_2021 |7 0 |8 A |9 582902 |a BIBGIM |b BIBGIM |c GEN |d 2022-05-05 |e 22 |g 38000.00 |i 5651051 |l 9 |m 5 |o 336.271 REN 2021 |p 5651051 |r 2025-05-05 |s 2025-04-03 |t 11 |v 38000.00 |w 2022-05-05 |y BK |k COM | ||
| 952 | |0 0 |1 0 |2 ddc |4 0 |6 336_271000000000000_REN_2021 |7 0 |8 A |9 582903 |a BIBGIM |b BIBGIM |c GEN |d 2022-05-05 |e 22 |g 38000.00 |i 5651054 |l 6 |m 2 |o 336.271 REN 2021 |p 5651054 |r 2025-04-22 |s 2025-04-11 |t 14 |v 38000.00 |w 2022-05-05 |y BK |k COM | ||
| 952 | |0 0 |1 0 |2 ddc |4 0 |6 336_271000000000000_REN_2021 |7 0 |8 A |9 582904 |a BIBGIM |b BIBGIM |c GEN |d 2022-05-05 |e 22 |g 38000.00 |i 5651048 |l 10 |m 3 |o 336.271 REN 2021 |p 5651048 |r 2025-04-21 |s 2025-04-10 |t 8 |v 38000.00 |w 2022-05-05 |y BK |k COM | ||
| 952 | |0 0 |1 0 |2 ddc |4 0 |6 336_271000000000000_REN_2021 |7 0 |8 A |9 582905 |a BIBGIM |b BIBGIM |c GEN |d 2022-05-05 |e 22 |g 38000.00 |i 5651050 |l 6 |m 3 |o 336.271 REN 2021 |p 5651050 |r 2025-04-21 |s 2025-04-11 |t 10 |v 38000.00 |w 2022-05-05 |y BK |k COM | ||
| 952 | |0 0 |1 0 |2 ddc |4 0 |6 336_271000000000000_REN_2021 |7 0 |8 A |9 582906 |a BIBGIM |b BIBGIM |c GEN |d 2022-05-05 |e 22 |g 38000.00 |i 5651049 |l 6 |m 1 |o 336.271 REN 2021 |p 5651049 |q 2025-04-21 |r 2025-04-11 |s 2025-04-11 |t 9 |v 38000.00 |w 2022-05-05 |y BK |k COM | ||